|
|
|
|
| LEADER |
01265nam a2200337 a 4500 |
| 001 |
15955125 |
| 003 |
BD-DhAAL |
| 008 |
120719s2011 maua b 001 0 eng |
| 010 |
|
|
|a 2009044810
|
| 020 |
|
|
|a 9780205607426
|
| 040 |
|
|
|a DLC
|c DLC
|d YDX
|d YDXCP
|d DLC
|d BD-DhAAL
|
| 043 |
|
|
|a n-us---
|
| 082 |
0 |
0 |
|a 320.60973
|2 22
|
| 100 |
1 |
|
|a Shafritz, Jay M.
|9 53456
|
| 245 |
1 |
0 |
|a Cases in public policy and administration /
|c by Jay M. Shafritz and Christopher P. Borick.
|
| 250 |
|
|
|a First edition
|
| 260 |
|
|
|a Boston :
|b Longman,
|c c2011.
|
| 300 |
|
|
|a xvii, 281 pages :
|b illustrations ;
|c 23 cm.
|
| 504 |
|
|
|a Includes bibliographical references and index.
|
| 541 |
|
|
|e 00025640
|
| 650 |
|
0 |
|a Public administration
|z United States.
|
| 650 |
|
0 |
|a Public administration.
|
| 650 |
|
0 |
|a Policy sciences.
|
| 650 |
|
0 |
|a Political planning
|z United States.
|
| 650 |
|
0 |
|a Political planning.
|
| 651 |
|
0 |
|a United States
|x Politics and government.
|
| 700 |
1 |
|
|a Borick, Christopher P.
|9 53457
|
| 852 |
1 |
|
|a Ayesha Abed Library
|c General Shelf.
|
| 942 |
|
|
|2 ddc
|c BK
|
| 999 |
|
|
|c 12577
|d 12577
|
| 952 |
|
|
|0 0
|1 0
|2 ddc
|4 0
|6 320_609730000000000_SHA
|7 0
|9 20762
|a IGS
|b IGS
|c GEN
|d 2012-07-19
|e Trim Education
|g 3200.00
|l 1
|m 4
|o 320.60973 SHA
|p 3010025640
|r 2014-06-09
|s 2012-12-19
|t 1
|w 2012-07-19
|y BK
|